Fight Movies of the 80s - Statistics

General Stats
  • This quiz has been taken 100 times
  • The average score is 3 of 9
Answer Stats
Hint Answer % Correct
Wimpy kid is used as a punching bag by the cool kids so he seeks revenge by training for a full month with a Japanese sensei that promotes him to a black belt in a record time. The Karate Kid
100%
Brick breaking american with a French accent honors his Japanese coach by entering a real life Street fighter II tournament where the final fight is against a sadistic fighter of very few words Bloodsport
59%
Punch drunk boxer loses title fight against a fighter with anger management issues and then lies about it to his coach who's on his death bed, he later regains his title by understanding that using his face to block punches is a bad idea. Rocky III
53%
Guy wants revenge after his brother ends up in a wheelchair in a Muay Thai fight where elbows to the back are legal on a downed opponent. You bleed like Mylee! Kickboxer
36%
Tae Kwon do masters James Earl Jones, Eric Roberts and Chris Penn represent team USA together with two geeks and a Korean to face big bad South Korea in a tournament where the most epic axe kick in movie history takes place. Best of the best
18%
Who's the master? Glowing kung fu kid who occasionally dresses up as a ninja can't keep his eyes off of Bruce Lee while he's making out with a hot pop star girl. The last dragon
14%
Hot headed kid get beat up in the local karate club to the point he starts to hallucinating that Bruce Lee comes to teach him the ways of martial arts so he can beat up the mean russian guy who shows no sportmanship at a karate tournament No retreat, no surrender
10%
Kwai Chang Caine tries to pick a fight with the man who counted to infinity...twice Lone Wolf McQuade
5%
Ninja flees to the US from Japan after he finds his family dead only to discover that his American partner is a heroin smuggling...ninja Revenge of the Ninja
5%
No matching quizzes found
Score Distribution
Percent of People with Each Score
Percentile by Number Answered
Your Score History
You have not taken this quiz